Les 20 villes les plus peuplées de la Haute-Saône (71) - Statistiques

Statistiques générales
  • Ce quiz a été pris 16 fois
  • Le résultat moyen est 11 sur 20
Statistiques - réponses
HINT HINT ANSWER % Correct
44 592 C Chalon-sur-Saône
100%
34 759 M Mâcon
92%
13 144 A Autun
77%
20 536 L Le Creusot
77%
16 946 M Montceau-les-Mines
77%
6 483 L Louhans
69%
4 980 C Cluny
62%
7 380 D Digoin
54%
9 256 P Paray-le-Monial
54%
6 547 G Gueugnon
46%
6 211 S Saint-Marcel
46%
4 656 B Bourbon-Lancy
38%
5 402 C Chagny
38%
8 154 C Charnay-lès-Mâcon
38%
5 702 T Tournus
38%
5 983 B Blanzy
31%
6 205 C Châtenoy-le-Royal
31%
6 476 S Saint-Rémy
31%
8 508 S Saint-Vallier
31%
4 982 M Montchanin
23%
Aucun quiz correspondant
Distribution des résultats
% des personnes avec chaque résultat
Percentile par nombre de réponses
Votre historique - résultats
Vous n’avez pas pris ce quiz